000 00984nam a2200241Ia 4500
003 IN-BaIIA
008 211028s9999 xx 000 0 eng d
020 _a1-4020-3436-9
040 _cIIA Library
080 _a520.22
_bOPT
111 _aNATO Advanced Study Institute Conference
_cFrance
_d2002 Sept. 16-28
_930003
245 0 _aOptics in astrophysics
_bproceedings of the NATO advanced study Institute conference on optics in astrophysics held in Cargese, France, 16-28 Sept 2002
_cedited by Renaud Foy and Francoise-Claude Foy
260 _aDordrecht
_bSpringer
_c2005
300 _axvi, 422p.
490 _aNATO science series: II. Mathematics, physics and chemistry; v. 198
650 _aAstronomy
_980
650 _aAstrophysics
_9794
650 _aOptical telescopes
_93706
700 _aFoy, Francoise-Claude ed.
_930004
700 _aFoy, Renaud, ed.
_930005
710 _aNATO advanced study Institute
_95368
942 _cBK
999 _c16220
_d16220